000 00277nam a22001337a 4500
008 171019b xxu||||| |||| 00| 0 eng d
020 _a9780390728494
041 _aeng
080 _a338
100 _a53
101 _aMEN
245 _aMANAGEMENT
_cHIL,M.G
942 _2udc
_cBK
999 _c34879
_d34879